Statistics for On the Route to Glory - 2010 FIFA World Cup - Spain

Click here to take the quiz!

General Stats

  • This quiz has been taken 59 times
  • The average score is 9 of 12

Answer Stats

Answer% Correct
Netherlands
100%
Germany
96%
Switzerland
86%
Portugal
80%
Chile
76%
Belgium
75%
Paraguay
71%
Turkey
63%
Estonia
61%
Honduras
61%
Bosnia and
Herzegovina
57%
Armenia
53%

Score Distribution

Percentile by Number Answered

Percent of People with Each Score

Your Score History

You have not taken this quiz